Adolescent life experiences / (Record no. 66817)
[ view plain ]
| 000 -LEADER | |
|---|---|
| fixed length control field | 00920nam a2200277 a 4500 |
| 001 - CONTROL NUMBER | |
| control field | 66817 |
| 003 - CONTROL NUMBER IDENTIFIER | |
| rucl marc code | BD-RjUL |
| 005 - DATE AND TIME OF LATEST TRANSACTION | |
| control field | 20211209081600.0 |
| 008 - FIXED-LENGTH DATA ELEMENTS--GENERAL INFORMATION | |
| fixed length control field | 170320s1994 caua b 001 0 eng |
| 020 ## - INTERNATIONAL STANDARD BOOK NUMBER | |
| International Standard Book Number | 0534162363 |
| 035 ## - SYSTEM CONTROL NUMBER | |
| System control number | (BD-RjUL)66948 |
| 040 ## - CATALOGING SOURCE | |
| Original cataloging agency | DLC |
| Transcribing agency | DLC |
| Modifying agency | DLC |
| -- | BD-RjUL |
| Language of cataloging | eng |
| 041 ## - LANGUAGE CODE | |
| Language code of text/sound track or separate title | eng |
| 082 00 - DEWEY DECIMAL CLASSIFICATION NUMBER | |
| Edition number | 23 |
| Classification number | 305.235 |
| Author mark and year | ADA 1994 |
| 100 1# - MAIN ENTRY--PERSONAL NAME | |
| Personal name | Adams, Gerald R., |
| Dates associated with a name | 1946- |
| 9 (RLIN) | 197842 |
| 245 10 - TITLE STATEMENT | |
| Title | Adolescent life experiences / |
| Statement of responsibility, etc. | Gerald R. Adams, Thomas P. Gullotta and Carol Markstrom-Adams. |
| 250 ## - EDITION STATEMENT | |
| Edition statement | 3rd ed. |
| 260 ## - PUBLICATION, DISTRIBUTION, ETC. (IMPRINT) | |
| Place of publication, distribution, etc. | Pacific Grove, Calif. : |
| Name of publisher, distributor, etc. | Brooks/Cole, |
| Date of publication, distribution, etc. | c1994. |
| 300 ## - PHYSICAL DESCRIPTION | |
| Pagination | xxxi, 592 p. : |
| Illustrations | ill. ; |
| Size | 23 cm. |
| 504 ## - BIBLIOGRAPHY, ETC. NOTE | |
| Bibliography, etc | Includes bibliographical references (p. 534-579) and index. |
| 650 #0 - SUBJECT ADDED ENTRY--TOPICAL TERM | |
| Topical term or geographic name as entry element | Adolescence. |
| 9 (RLIN) | 197843 |
| Topical term or geographic name as entry element | Adolescent psychology |
| Geographic subdivision | United States. |
| 9 (RLIN) | 197844 |
| 700 1# - ADDED ENTRY--PERSONAL NAME | |
| Personal name | Gullotta, Thomas, |
| Dates associated with a name | 1948- |
| Personal name | Markstrom, Carol A. |
| 942 ## - ADDED ENTRY ELEMENTS (KOHA) | |
| Source of classification or shelving scheme | Dewey Decimal Classification |
| Koha item type | Books |
| Lost status | Source of classification or shelving scheme | Damaged status | Not for loan | Collection code | Permanent Location | Current Location | Shelving location | Date acquired | Source of acquisition | Total Checkouts | Full call number | Date last seen | Copy number | Koha item type |
|---|---|---|---|---|---|---|---|---|---|---|---|---|---|---|
| Dewey Decimal Classification | Not For Loan | Non-fiction | Central Library, University of Rajshahi | Central Library, University of Rajshahi | Reading Room | 14/09/1998 | Unicef | 305.235 ADA 1994 | 20/03/2017 | C-1 | Books |